Rozpoznaj miasto po 1 zdjęciu. #2 - Statystyki

Ogólne statystyki
  • Ten quiz został rozwiązany 15 razy
  • Średni wynik to 4 z 16
Statystyki odpowiedzi
Obrazkowy Odpowiedź % Poprawnych
Gdynia
93%
Lizbona
60%
Toronto
53%
Wenecja
53%
Madryt
33%
Canberra
20%
Katania
20%
Manchester
20%
Melbourne
20%
Monachium
20%
Glasgow
13%
Wellington
13%
Alghero
7%
Malaga
7%
Genua
0%
Maastricht
0%
Nie znaleziono quizów pasujących do podanych kryteriów
Rozkład punktacji
Procent ludzi z każdym wynikiem
Percentyl według liczby udzielonych odpowiedzi
Twoja historia wyników
Nie rozwiązałeś tego quizu